Uplatnění práva na náhradu škody vzniklé v souvislosti s rokem 2000

Problém roku 2000 a uplatnenie práva na náhradu škody vzniknutej v súvislosti s týmto dátumom. Poistenie zodpovednosti za škodu spôsobenú zamestnancom zamestnávateľovi. Poistenie zodpovednosti za škodu spôsobenú vadou výrobku. Poistenie zodpovednosti za škodu spôsobenú členmi štatutárnych orgánov a...

Descrizione completa

Salvato in:
Dettagli Bibliografici
Autore principale: Haas, Karel
Natura: Capitolo di libro
Lingua:ceco
Soggetti:
Tags: Aggiungi Tag
Nessun Tag, puoi essere il primo ad aggiungerne!!

MARC

LEADER 00000naa a2200000 4500
001 r036376
005 20230922095544.0
041 0 |a cze 
044 |a SK 
245 1 0 |a Uplatnění práva na náhradu škody vzniklé v souvislosti s rokem 2000  |c Karel Haas 
520 |a Problém roku 2000 a uplatnenie práva na náhradu škody vzniknutej v súvislosti s týmto dátumom. Poistenie zodpovednosti za škodu spôsobenú zamestnancom zamestnávateľovi. Poistenie zodpovednosti za škodu spôsobenú vadou výrobku. Poistenie zodpovednosti za škodu spôsobenú členmi štatutárnych orgánov a manažmentom. Poistenie prevádzkovateľov zdravotníckych zariadení. 
610 2 0 |a náhrada škody 
610 2 0 |a 2000 
610 2 0 |a škody 
610 2 0 |a systémy informačné 
610 2 0 |a počítače 
610 2 0 |a poistenie zodpovednosti za škody 
610 2 0 |a normy právne 
610 2 0 |a Česko 
100 1 |a Haas, Karel